Teoretické prístupy k odhadu pravdepodobnosti zlyhania podnikateľského subjektu bakalárska práca

Gespeichert in:
Bibliographische Detailangaben
1. Verfasser: Németh, Peter
Körperschaft: Národohospodárska fakulta EU. Katedra financií
Weitere Verfasser: Gertler, Ľubomíra, 1977-
Format: Buch
Sprache:Slowakisch
Veröffentlicht: Bratislava 2010
Tags: Tag hinzufügen
Keine Tags, Fügen Sie das erste Tag hinzu!

MARC

LEADER 00000nam$a2200000$$$4500
001 0136549
005 20240320074535.3
041 0 |a slo 
044 |a SK 
245 1 0 |a Teoretické prístupy k odhadu pravdepodobnosti zlyhania podnikateľského subjektu  |b bakalárska práca  |c Peter Németh ; školiteľ: Ľubomíra Gertler 
264 1 |a Bratislava  |c 2010 
300 |a 50 s. 
100 1 |a Németh, Peter 
700 1 |a Gertler, Ľubomíra, 1977- 
710 2 |a Národohospodárska fakulta EU. Katedra financií